000 01788nam0a2200373 4500
001 RU\NLR\bibl\403037
005 20260405105956.0
021 _aRU
_b2002-66897
_93244
035 _a(NLR Aleph) 000397181
090 _a552309
_c552309
100 _a20030402d2002 |||y0rusy50 ca
101 0 _arus
102 _aRU
105 _aa |||||||||
200 1 _aТеоретическая физика
_eКлассич. механика
_eУчеб. пособие для студентов специальностей 110500, 070900
_fЮ. Х. Векилов, С. И. Мухин, Ю. М. Кузьмин
_gМоск. гос. ин-т стали и сплавов-технол. ун-т, Каф. теорет. физики
210 _aМ.
_cМИСИС
_d2002
215 _a59 с.
_cил.
_d21
606 0 _aМеханика
_jРуководства, пособия и т.п. для высшей школы
_91564071
_3RU\NLR\auth\66684576
606 0 _aМеханика
_jУчебные издания для высших учебных заведений
_91564071
_3RU\NLR\auth\66684576
610 0 _aМеханика
610 0 _aФизика теоретическая
675 _a530.1(075.8)
_v3
_zrus
686 _a29
_2rugasnti
686 _a22.314я73
_2rubbk
686 _aВ2я73-1
700 1 _aВекилов
_bЮ. Х.
_gЮрий Хоренович
_4070
701 1 _4070
_8rus
_7ca
_aМухин
_bС. И.
_cканд. физ.-мат. наук
_gСергей Иванович
_3RU\NLR\auth\7718239
_91318
701 1 _4070
_8rus
_7ca
_aКузьмин
_bЮ. М.
_cфизик
_gЮрий Михайлович
_3RU\NLR\auth\7741210
_924160
801 0 _aRU
_bRKP
_c20030402
_gPSBO
801 1 _aRU
_bRKP
_c20030402
801 2 _aRU
_bNLR
_c20060817
_grcr
942 _cBOOK
980 _aNB